000 00564nam a2200169 4500
001 122761
003 ES-MaACL
005 20230906192034.0
007 t|
008 070214s1965 sp r ||||1| spa d
100 1 _aPuigvert, A.
_994308
245 1 0 _aMalformaciones de la pirámide renal de Malpighi
_b: displasias médulo-calicilares /
_cpor A. Puigvert ; con la colaboración de C. Elizalde.
260 _aBarcelona :
_bECO,
_c1965.
300 _a202 p., 40 lám. :
_bil. ;
_c25 cm.
700 1 _aElizalde, C.
_947005
852 _aES-MaACL
_jC-30911
_bR.70176
999 _c122761
_d122761